000 00950nam a22002537a 4500
001 BR4800018
003 BR-BrBNA
005 20230928082931.0
007 ta
008 230509b bl.||||| |||| 00| 0 por d
040 _aBR-BrBNA
_bpor
_cBiblioteca Nacional de Agricultura
041 _a(Eng, Fre, Por)
072 _aK50
_b/G514
090 _ K50 BR4800018
110 1 _aInstituto Nacional do Pinho, Rio de Janeiro, GB (Brasil)
_96541
245 1 _aFlorestas e produtos florestais. Os seus problemas vistos pela Conferencia Internacional de Madeiras (Marianske-Lazne)abril-maio de 1947, reuniao da sub-comissao de florestas inexploradas e 3. Conferencia de Alimentacao e agricultura da FAO (Genebra)agosto-setembro de 1947 [Brasil]
260 3 _aRio de Janeiro, GB (Brasil):
_c1948.
300 _a207 p.
650 _aIndustria florestal
650 _aMadeira
650 _aFloresta
909 _a202309
_bLucia
_c55
_dLucia Elande
942 _cBK
999 _c10698
_d10698